000 00789nam a22002777a 4500
003 CHAP
005 20220817042148.0
008 971013s1978 r 00010 d
010 _a36391
011 _a37363
035 _a41483
040 _cCHAP
090 _aFolleto 4545
110 _aFAO
245 _aDos experiencias con los pescadores artesanales del Uruguay
260 _aRoma :
_bFAO,
_c1978
300 _a30 p.
490 _aCMCH/AD. Experiencias y resultados
_v; 7
590 _aBATCH-UPD
_b10
_c20130110
_lUCH01
_h2204
590 _aCONVERSION
_b10
_c20130109
_lUCH01
_h1320
650 1 4 _aPesca cooperativa.
_987435
830 0 _aCMCH/AD. Experiencias y resultados
_v; 7
901 _aBK
942 _cFOLL
949 _aFolleto 4545
_bBC
_cFAO
_d-95097
_eFAO1
_i41483
_mD
_si
999 _c36391
_d36391